Post-Uruguay round tariff regimes achievements and outlook

Uložené v:
Podrobná bibliografia
Médium: Kniha
Jazyk:English
Vydavateľské údaje: Paris OECD 1999
Predmet:
Tagy: Pridať tag
Žiadne tagy, Buďte prvý, kto otaguje tento záznam!

MARC

LEADER 00000nam a2200000 4500
001 c121483
005 20221108122043.5
020 |a 92-64-17128-2 
041 0 |a eng 
044 |a FR 
245 1 0 |a Post-Uruguay round tariff regimes  |b achievements and outlook 
264 1 |a Paris  |b OECD  |c 1999 
300 |a 174 s. 
610 2 0 |a tarify 
610 2 0 |a obchod medzinárodný 
610 2 0 |a tovar 
610 2 0 |a ceny 
610 2 0 |a stratégia obchodná 
610 2 0 |a zamestnanosť 
610 2 0 |a rast hospodársky 
610 2 0 |a porovnanie medzinárodné 
610 2 0 |a Uruguaj